Essentials of Physiological Psychology (Record no. 201)
[ view plain ]
| 000 -LEADER | |
|---|---|
| fixed length control field | 01158cam a22001934a 4500 |
| 005 - ΗΜΕΡΟΜΗΝΙΑ ΚΑΙ ΩΡΑ ΤΕΛΕΥΤΑΙΑΣ ΕΝΗΜΕΡΩΣΗΣ | |
| Πεδίο ελέγχου | 20250605163927.0 |
| 008 - FIXED-LENGTH DATA ELEMENTS--GENERAL INFORMATION | |
| Πεδίο ελέγχου σταθερού μήκους | 250528s ||||||||||||||||||||||||d |
| 035 ## - SYSTEM CONTROL NUMBER | |
| System control number | 14577 |
| 020 ## - ISBN | |
| ISBN | 47132860 |
| 040 ## - ΠΗΓΗ ΚΑΤΑΛΟΓΟΓΡΑΦΗΣΗΣ | |
| Φορέας πρωτότυπης καταλογογράφησης | MC Athens Campus Library |
| Γλώσσα καταλογογράφησης | Ελληνικά, Μοντέρνα (1453-) |
| Modifying agency | MC Athens Campus Library |
| Κανόνες περιγραφικής καταλογογράφησης | AACR2 |
| 245 1# - ΤΙΤΛΟΣ ΚΑΙ ΔΗΛΩΣΗ ΥΠΕΥΘΥΝΟΤΗΤΑΣ | |
| Τίτλος | Essentials of Physiological Psychology |
| 260 ## - PUBLICATION, DISTRIBUTION, ETC. | |
| Name of publisher, distributor, etc. | John Wiley And Sons, Inc, |
| Date of publication, distribution, etc. | 1973 |
| 300 ## - PHYSICAL DESCRIPTION | |
| Extent | 520 |
| 520 ## - SUMMARY, ETC. | |
| Summary, etc. | An Introduction to Neurophysiology and Neuroanatomy, Research Methods in Physiological Psychology, Basic Units and Functions of Biological Organisms, Anatomy of the Nervous System, The Input and Output Channels of the Organism, Vision, Audition, The Chemical Senses, The Motor System, The Reticular Formation and Nonspecific Thalamic Projection System, The Biological Bases of Motivation, Hunger and the Regulation of Food Intake, Thirst and the Regulation of Food Intake, Affective Behavior, Reward and Punishment, Theories of Motivation, Biological Bases of Learning and Memory, The Nature of Learning, Electrophysiology of Learning, Theories of Learning, Author and Subject Learning. |
| 700 1# - ΠΡΟΣΘΕΤΗ ΑΝΑΓΡΑΦΗ--ΦΥΣΙΚΟ ΠΡΟΣΩΠΟ | |
| Personal name | Grossman Sebastian P |
| 9 (RLIN) | 290 |
| 942 ## - ADDED ENTRY ELEMENTS (KOHA) | |
| Koha item type | Books |
| Τύπος τεκμηρίου | Βιβλιοθήκη | Τρέχουσα τοποθεσία | Barcode | Αριθμός εισαγωγής | Ημερομηνία απόκτησης | Ταξιθετικό σύμβολο | Αριθμός αντιτύπου | Κατάσταση απόσυρσης | Κατάσταση χαμένου | Κατάσταση κατεστραμμένου | Μη δανεισμός | Σύνολο δανεισμών | Ημερομηνία τελευταίας εμφάνισης | Η τιμή ισχύει από |
|---|---|---|---|---|---|---|---|---|---|---|---|---|---|---|
| Books | MC Athens Campus Library | MC Athens Campus Library | 9780000002006 | 2371 | 05/06/2025 | 152 GRO | 1 | 05/06/2025 | 05/06/2025 |